00414pab a2200145 454500008004000000100002400040245011200064260000900176300001300185362000800198650001600206650001500222650001300237773001800250180718b2006 xxu||||| |||| 00| 0 eng d aFarahmandpur, Ramin aA critical pedagogy of hope in times of despair: teaching against global capitalism and the new imperialism c2006 ap.77-91. aSep aImperialism aCapitalism aTeaching aSocial Change